[Event "CHN-ch Rapid/Blitz 4th"]
[Site "Shaoxing"]
[Date "2025.07.15"]
[Round "4.1"]
[White "Wang, Hao"]
[Black "Huang, Renjie"]
[Result "1/2-1/2"]
[WhiteElo "2701"]
[BlackElo "2495"]
[PlyCount "92"]
[EventDate "2025.07.13"]
[EventType "k.o. (rapid)"]
[EventRounds "5"]
[EventCountry "CHN"]
[SourceTitle "CB29_2025"]
[SourceDate "2025.07.16"]
[SourceVersion "1"]
[SourceVersionDate "2025.07.16"]
[SourceQuality "1"]

1. e4 c6 2. Nf3 d5 3. d3 g6 4. e5 Bg7 5. d4 Bg4 6. c3 f6 7. exf6 exf6 8. Be2 Nh6 9. 0-0 0-0 10. h3 Bf5 11. c4 Be6 12. Qb3 Qb6 13. Nc3 dxc4 14. Bxc4 Qxb3 15. axb3 Bxc4 16. bxc4 Nd7 17. d5 Nb6 18. dxc6 bxc6 19. b3 f5 20. Ra6 Nf7 21. Ne2 Ne5 22. Nxe5 Bxe5 23. Be3 f4 24. Bd4 Nd7 25. Rfa1 f3 26. gxf3 c5 27. Rxa7 Rxa7 28. Rxa7 cxd4 29. Rxd7 Rxf3 30. b4 Rb3 31. Nxd4 Bxd4 32. Rxd4 Rxb4 33. Kg2 Kg7 34. h4 Rb3 35. Rd7+ Kh6 36. c5 Rc3 37. Rc7 Kh5 38. Rxh7+ Kg4 39. h5 gxh5 40. Rc7 h4 41. c6 h3+ 42. Kg1 Rc1+ 43. Kh2 Rc2 44. Rg7+ Kf5 45. c7 Rxf2+ 46. Kxh3 Rc2 1/2-1/2

[Event "CHN-ch Rapid/Blitz 4th"]
[Site "Shaoxing"]
[Date "2025.07.15"]
[Round "5.3"]
[White "Wang, Hao"]
[Black "Yu, Yangyi"]
[Result "1/2-1/2"]
[WhiteElo "2701"]
[BlackElo "2714"]
[PlyCount "130"]
[EventDate "2025.07.13"]
[EventType "k.o. (rapid)"]
[EventRounds "5"]
[EventCountry "CHN"]
[SourceTitle "CB29_2025"]
[SourceDate "2025.07.16"]
[SourceVersion "1"]
[SourceVersionDate "2025.07.16"]
[SourceQuality "1"]

1. Nf3 d5 2. g3 Nf6 3. Bg2 e6 4. 0-0 Be7 5. d3 0-0 6. Nbd2 a5 7. e4 a4 8. c3 c5 9. Ne5 Qc7 10. f4 b5 11. exd5 exd5 12. Ndf3 Nbd7 13. Re1 Bb7 14. Be3 Bd6 15. Nxd7 Nxd7 16. a3 Rae8 17. Qd2 Nf6 18. h3 d4 19. cxd4 cxd4 20. Bxd4 Bc5 21. Bxc5 Qxc5+ 22. Qf2 Qd6 23. Qd4 Qb8 24. Qf2 Rd8 25. Ne5 Bxg2 26. Kxg2 Rd6 27. Qf3 Qb6 28. Rac1 Qd4 29. Re2 Nd7 30. Nc6 Qxd3 31. Qxd3 Rxd3 32. Nb4 Rd4 33. Rc7 Nb6 34. Rb7 Rd6 35. f5 h5 36. Kf3 Rfd8 37. Ree7 Rf8 38. Kf4 Nd5+ 39. Nxd5 Rxd5 40. Re5 Rxe5 41. Kxe5 Re8+ 42. Kf4 Re2 43. Rxb5 Rh2 44. h4 Rf2+ 45. Kg5 Rg2 46. Kf4 Rf2+ 47. Ke3 Rg2 48. Kf3 Rc2 49. Rb4 Kh7 50. Kf4 f6 51. Ke3 Rg2 52. Kf3 Rc2 53. g4 hxg4+ 54. Kxg4 Kh6 55. Rb8 Kh7 56. Kf4 Rc4+ 57. Kg3 Rc2 58. Rb4 Kh6 59. Rxa4 Rxb2 60. Ra8 Kh7 61. a4 Rb3+ 62. Kg4 Rb4+ 63. Kg3 Rb3+ 64. Kf4 Rb4+ 65. Kg3 Rb3+ 1/2-1/2

[Event "CHN-ch Rapid/Blitz 4th"]
[Site "Shaoxing"]
[Date "2025.07.15"]
[Round "5.4"]
[White "Yu, Yangyi"]
[Black "Wang, Hao"]
[Result "1-0"]
[WhiteElo "2714"]
[BlackElo "2701"]
[PlyCount "61"]
[EventDate "2025.07.13"]
[EventType "k.o. (rapid)"]
[EventRounds "5"]
[EventCountry "CHN"]
[SourceTitle "CB29_2025"]
[SourceDate "2025.07.16"]
[SourceVersion "1"]
[SourceVersionDate "2025.07.16"]
[SourceQuality "1"]

1. d4 Nf6 2. c4 e6 3. Nc3 d5 4. cxd5 exd5 5. Bg5 Be7 6. e3 h6 7. Bh4 Bg4 8. Nf3 Nbd7 9. Bd3 c6 10. 0-0 0-0 11. Qc2 Bxf3 12. gxf3 Nh5 13. Bg3 g6 14. Rad1 Nxg3 15. hxg3 Bf6 16. Ne2 a5 17. e4 Bg7 18. e5 c5 19. Bb5 cxd4 20. f4 Rc8 21. Qb1 Nc5 22. Nxd4 Qb6 23. a4 Rfd8 24. Rfe1 Ne6 25. Nf3 Bf8 26. f5 Ng5 27. Nxg5 hxg5 28. e6 Rc7 29. f6 fxe6 30. Qxg6+ Kh8 31. f7 1-0

[Event "CHN-ch Rapid/Blitz 4th"]
[Site "Shaoxing"]
[Date "2025.07.14"]
[Round "2.2"]
[White "Dai, Changren"]
[Black "Wang, Hao"]
[Result "0-1"]
[WhiteElo "2560"]
[BlackElo "2701"]
[PlyCount "110"]
[EventDate "2025.07.13"]
[EventType "k.o. (rapid)"]
[EventRounds "5"]
[EventCountry "CHN"]
[SourceTitle "CB29_2025"]
[SourceDate "2025.07.16"]
[SourceVersion "1"]
[SourceVersionDate "2025.07.16"]
[SourceQuality "1"]

1. d4 d5 2. c4 e6 3. Nc3 Nf6 4. Nf3 a6 5. cxd5 exd5 6. Bg5 Be6 7. e3 Nbd7 8. Bd3 h6 9. Bf4 g5 10. Bg3 Nh5 11. Be5 Nhf6 12. Bg3 Nh5 13. Be5 Nhf6 14. h3 Nxe5 15. Nxe5 Nd7 16. 0-0 Nxe5 17. dxe5 Bc5 18. Rc1 Ba7 19. Qf3 c6 20. Ne2 Bb8 21. Qg3 Qc7 22. f4 gxf4 23. exf4 Ba7+ 24. Kh1 0-0-0 25. f5 Bd7 26. Nc3 Rde8 27. Rfe1 Bb8 28. Nxd5 Qa5 29. Be4 Rxe5 30. Qb3 Ba7 31. Nf6 Re7 32. Red1 Rd8 33. Qc3 Qxc3 34. bxc3 Bb8 35. Re1 Bg3 36. Re2 Kc7 37. Nh5 Bh4 38. f6 Re5 39. Bf3 Rxe2 40. Bxe2 Be6 41. Rc2 Bg5 42. c4 Bf5 43. Rb2 Bg6 44. Kh2 Bc1 45. Rb3 Rd2 46. Re3 Rxa2 47. Re7+ Kb8 48. Bf3 Rf2 49. Kg3 Rxf3+ 50. Kxf3 Bxh5+ 51. g4 Bg6 52. h4 h5 53. Re5 Bb2 54. Re8+ Ka7 55. g5 a5 0-1

[Event "Aktobe Dvorkovich op-A"]
[Site "Aktobe"]
[Date "2025.06.28"]
[Round "7"]
[White "Sjugirov, Sanan"]
[Black "Wang, Hao"]
[Result "1/2-1/2"]
[WhiteElo "2635"]
[BlackElo "2701"]
[PlyCount "60"]
[EventDate "2025.06.22"]
[EventType "swiss"]
[EventRounds "9"]
[EventCountry "KAZ"]
[SourceTitle "CB27_2025"]
[SourceDate "2025.07.02"]
[SourceVersion "1"]
[SourceVersionDate "2025.07.02"]
[SourceQuality "1"]

1. d4 Nf6 2. c4 e6 3. Nc3 Bb4 4. Nf3 d5 5. e3 0-0 6. Bd3 c5 7. 0-0 dxc4 8. Bxc4 cxd4 9. exd4 b6 10. Qe2 Bb7 11. Rd1 Nbd7 12. d5 exd5 13. Nxd5 Re8 14. Be3 Nxd5 15. Bxd5 Bxd5 16. Rxd5 Qc7 17. Qb5 Nf6 18. Rdd1 Bf8 19. Rac1 Qb7 20. Bg5 a6 21. Qc6 Qxc6 22. Rxc6 Ne4 23. Be3 b5 24. Nd4 Nf6 25. h3 Nd5 26. Nc2 Re6 27. Rxe6 fxe6 28. Bd4 Rc8 29. Ne1 Be7 30. g3 Bf6 1/2-1/2

[Event "Aktobe Dvorkovich op-A"]
[Site "Aktobe"]
[Date "2025.06.27"]
[Round "6"]
[White "Wang, Hao"]
[Black "Tsydypov, Zhamsaran"]
[Result "1-0"]
[WhiteElo "2701"]
[BlackElo "2514"]
[PlyCount "55"]
[EventDate "2025.06.22"]
[EventType "swiss"]
[EventRounds "9"]
[EventCountry "KAZ"]
[SourceTitle "CB27_2025"]
[SourceDate "2025.07.02"]
[SourceVersion "1"]
[SourceVersionDate "2025.07.02"]
[SourceQuality "1"]

1. e4 Nc6 2. d4 d5 3. e5 Bf5 4. c3 e6 5. Bd3 Nge7 6. Na3 f6 7. f4 Bxd3 8. Qxd3 Nf5 9. Nc2 g5 10. exf6 gxf4 11. f7+ Kd7 12. Bxf4 Qh4+ 13. g3 Qh5 14. Nf3 Bd6 15. Bxd6 cxd6 16. 0-0 Rhf8 17. Qe2 Qh6 18. Rae1 Rxf7 19. Qxe6+ Qxe6 20. Rxe6 Raf8 21. Ree1 Nxg3 22. hxg3 Rxf3 23. Rxf3 Rxf3 24. Kg2 Rd3 25. Re2 b5 26. Ne3 Ne7 27. Kf2 Ke6 28. Nf1+ 1-0

[Event "Aktobe Dvorkovich op-A"]
[Site "Aktobe"]
[Date "2025.06.26"]
[Round "5"]
[White "Sriram, Adarsh Uppala"]
[Black "Wang, Hao"]
[Result "0-1"]
[WhiteElo "2460"]
[BlackElo "2701"]
[PlyCount "90"]
[EventDate "2025.06.22"]
[EventType "swiss"]
[EventRounds "9"]
[EventCountry "KAZ"]
[SourceTitle "CB27_2025"]
[SourceDate "2025.07.02"]
[SourceVersion "1"]
[SourceVersionDate "2025.07.02"]
[SourceQuality "1"]

1. d4 Nf6 2. c4 g6 3. Nc3 d5 4. cxd5 Nxd5 5. e4 Nxc3 6. bxc3 Bg7 7. Bc4 c5 8. Ne2 Nc6 9. Be3 0-0 10. 0-0 Bg4 11. f3 Bd7 12. Rb1 Qc7 13. Qd2 Rad8 14. Rfc1 b6 15. Bd3 Bc8 16. h4 Qd6 17. d5 Ne5 18. c4 Nxd3 19. Qxd3 f5 20. Nc3 Qe5 21. Nb5 fxe4 22. Qxe4 Qb8 23. Bf2 a6 24. Nc3 Bf5 25. Qe1 Bxb1 26. Rxb1 Qe5 27. Ne4 b5 28. Nxc5 bxc4 29. Ne6 c3 30. Nxd8 Rxd8 31. Rc1 Rxd5 32. Qxe5 Bxe5 33. Kf1 Rd2 34. Be1 Rxa2 35. Bxc3 Bd6 36. Be1 a5 37. Rc4 Kf7 38. Re4 a4 39. Bb4 a3 40. Bxd6 exd6 41. Ra4 d5 42. Ra6 d4 43. g4 d3 44. Ke1 Re2+ 45. Kd1 a2 0-1

[Event "Aktobe Dvorkovich op-A"]
[Site "Aktobe"]
[Date "2025.06.22"]
[Round "1"]
[White "Rostovtsev, Dmitry"]
[Black "Wang, Hao"]
[Result "1-0"]
[WhiteElo "2429"]
[BlackElo "2701"]
[PlyCount "91"]
[EventDate "2025.06.22"]
[EventType "swiss"]
[EventRounds "9"]
[EventCountry "KAZ"]
[SourceTitle "CB27_2025"]
[SourceDate "2025.07.02"]
[SourceVersion "1"]
[SourceVersionDate "2025.07.02"]
[SourceQuality "1"]

1. e4 c5 2. Nf3 d6 3. d4 cxd4 4. Nxd4 Nf6 5. Nc3 a6 6. Bg5 e6 7. f4 Qc7 8. Qf3 Be7 9. 0-0-0 Nbd7 10. g4 b5 11. Bxf6 Nxf6 12. g5 Nd7 13. f5 0-0 14. fxe6 fxe6 15. Nxe6 Rxf3 16. Nxc7 Ra7 17. Ne8 Bxg5+ 18. Kb1 Ne5 19. Nxd6 Be6 20. a4 b4 21. Nd5 b3 22. cxb3 Rxb3 23. Rg1 h6 24. Rg3 Rb8 25. Nc4 Rab7 26. Rg2 Nc6 27. Be2 Na5 28. Bd3 Nb3 29. Bc2 Nc5 30. Rg3 Rf7 31. Ncb6 Rf2 32. b4 Bxd5 33. Nxd5 Rxh2 34. Rc3 Ne6 35. Rc6 Nf4 36. Nb6 Bf6 37. b5 Ne2 38. Nd7 Rb7 39. Nxf6+ gxf6 40. b6 Rb8 41. a5 Rh5 42. Rd5 Rxd5 43. exd5 Nd4 44. Rxf6 h5 45. Kb2 h4 46. Rf4 1-0

[Event "CHN Nat Games qual 15th"]
[Site "Huairou District"]
[Date "2025.06.11"]
[Round "3"]
[White "Wang, Hao"]
[Black "Zhao, Jun"]
[Result "1/2-1/2"]
[WhiteElo "2701"]
[BlackElo "2532"]
[PlyCount "44"]
[EventDate "2025.06.11"]
[EventType "swiss (rapid)"]
[EventRounds "9"]
[EventCountry "CHN"]
[SourceTitle "CB25_2025"]
[SourceDate "2025.06.18"]
[SourceVersion "1"]
[SourceVersionDate "2025.06.18"]
[SourceQuality "1"]

1. e4 e5 2. Nf3 Nc6 3. Bb5 a6 4. Ba4 Nf6 5. 0-0 Be7 6. d3 b5 7. Bb3 d6 8. a4 b4 9. a5 0-0 10. Nbd2 Rb8 11. Re1 h6 12. h3 Re8 13. Nf1 Bf8 14. Bc4 Na7 15. d4 exd4 16. Qxd4 Nb5 17. Qd3 Bb7 18. Ng3 d5 19. exd5 Rxe1+ 20. Nxe1 Bxd5 21. Be3 Bxc4 22. Qxc4 Qd5 1/2-1/2

[Event "TCh-CHN Div A Finals"]
[Site "Shaoxing"]
[Date "2024.12.05"]
[Round "2.2"]
[White "Xu, Yi"]
[Black "Wang, Hao"]
[Result "1/2-1/2"]
[WhiteElo "2479"]
[BlackElo "2703"]
[PlyCount "98"]
[EventDate "2024.12.02"]
[EventType "team-k.o."]
[EventRounds "4"]
[EventCountry "CHN"]
[SourceTitle "CB50_2024"]
[SourceDate "2024.11.01"]
[SourceVersion "1"]
[SourceVersionDate "2024.11.01"]
[SourceQuality "2"]
[WhiteTeam "Shanghai"]
[BlackTeam "Shenzhen Pengchengkulan"]
[WhiteTeamCountry "CHN"]
[BlackTeamCountry "CHN"]

1. e4 c6 2. d4 d5 3. e5 c5 4. Nf3 cxd4 5. Qxd4 Nc6 6. Qf4 e6 7. Nc3 Nb4 8. Qd2 Ne7 9. h4 a6 10. a3 Nbc6 11. h5 Qc7 12. Qg5 h6 13. Qg3 Nf5 14. Qh2 Bc5 15. Bd3 Nfd4 16. Bf4 Nxf3+ 17. gxf3 Bd4 18. 0-0-0 Bd7 19. Qg3 0-0-0 20. Nxd5 exd5 21. e6 Bxb2+ 22. Kxb2 Qb6+ 23. Kc1 fxe6 24. Qxg7 Qc5 25. Kb2 Qf8 26. Qg3 Qf6+ 27. Kb1 Rdg8 28. Qh4 Rf8 29. Qxf6 Rxf6 30. Rh4 e5 31. Bg3 Rhf8 32. Re1 Bf5 33. Bxe5 Nxe5 34. Rxe5 Bxd3 35. cxd3 Rxf3 36. Rxd5 Rxf2 37. Rc4+ Kb8 38. Rd6 R8f6 39. Rxf6 Rxf6 40. Rc5 Rf2 41. Re5 Rh2 42. d4 Kc7 43. d5 Kd7 44. Ka1 a5 45. d6 a4 46. Rb5 Kxd6 47. Rb6+ Kc5 48. Rxh6 b5 49. Rg6 Rxh5 1/2-1/2

[Event "CHN-chT Div-A"]
[Site "Fuling"]
[Date "2024.07.08"]
[Round "11.1"]
[White "Bu, Xiangzhi"]
[Black "Wang, Hao"]
[Result "1/2-1/2"]
[WhiteElo "2689"]
[BlackElo "2702"]
[PlyCount "60"]
[EventDate "2024.06.26"]
[EventType "team-swiss"]
[EventRounds "11"]
[EventCountry "CHN"]
[SourceTitle "CBM 221 Extra"]
[Source "ChessBase"]
[SourceDate "2024.09.30"]
[SourceVersion "1"]
[SourceVersionDate "2024.09.30"]
[SourceQuality "1"]
[WhiteTeam "Chongqing Ticai"]
[BlackTeam "Shenzhen Pengchengkulan"]
[WhiteTeamCountry "CHN"]
[BlackTeamCountry "CHN"]

1. d4 Nf6 2. c4 e6 3. Nc3 Bb4 4. e3 0-0 5. Bd3 d5 6. Nf3 c5 7. 0-0 dxc4 8. Bxc4 cxd4 9. exd4 b6 10. Qe2 Bb7 11. Rd1 Nbd7 12. d5 exd5 13. Nxd5 Re8 14. Be3 Nxd5 15. Bxd5 Bxd5 16. Rxd5 Qc7 17. Qb5 Nf6 18. Rc1 Qb7 19. Rdd1 Bf8 20. h3 h6 21. Qf5 Qe4 22. Qxe4 Nxe4 23. Rc7 Bd6 24. Rd7 Bc5 25. Bxc5 Nxc5 26. Rc7 Ne6 27. Rb7 Nc5 28. Rc7 Ne6 29. Rb7 Nc5 30. Rc7 Ne6 1/2-1/2

[Event "CHN-chT Div-A"]
[Site "Fuling"]
[Date "2024.06.26"]
[Round "1.1"]
[White "Wang, Hao"]
[Black "Bai, Jinshi"]
[Result "1-0"]
[WhiteElo "2702"]
[BlackElo "2564"]
[PlyCount "83"]
[EventDate "2024.06.26"]
[EventType "team-swiss"]
[EventRounds "11"]
[EventCountry "CHN"]
[SourceTitle "CBM 221 Extra"]
[Source "ChessBase"]
[SourceDate "2024.09.30"]
[SourceVersion "1"]
[SourceVersionDate "2024.09.30"]
[SourceQuality "1"]
[WhiteTeam "Shenzhen Pengchengkulan"]
[BlackTeam "Hangzhou"]
[WhiteTeamCountry "CHN"]
[BlackTeamCountry "CHN"]

1. d4 d5 2. c4 c6 3. Nf3 Nf6 4. e3 g6 5. Nc3 Bg7 6. Be2 0-0 7. 0-0 b6 8. b4 Ne4 9. Bb2 Bb7 10. Nxe4 dxe4 11. Nd2 f5 12. c5 Nd7 13. f3 exf3 14. Bc4+ Kh8 15. Nxf3 e6 16. Bxe6 Qe7 17. Qb3 Rae8 18. Bxd7 Qxd7 19. Ne5 Qe6 20. Rfc1 Kg8 21. Kf2 Bh6 22. g3 Bg7 23. h4 b5 24. Qxe6+ Rxe6 25. a4 Bxe5 26. dxe5 Rd8 27. Rd1 Rxd1 28. Rxd1 bxa4 29. Rd7 Ba6 30. Rxa7 Bd3 31. Rxa4 Kf7 32. Kf3 Re7 33. Kf4 Rb7 34. Kg5 Ke6 35. Bd4 h5 36. Bc3 Rd7 37. Ra8 Be4 38. Bd4 Rb7 39. Rd8 Rd7 40. Rg8 f4 41. gxf4 Kf7 42. Rb8 1-0

[Event "Chengdu Chess King"]
[Site "Chengdu"]
[Date "2024.01.07"]
[Round "4.2"]
[White "Wang, Hao"]
[Black "Yu, Yangyi"]
[Result "1/2-1/2"]
[WhiteElo "2702"]
[BlackElo "2720"]
[PlyCount "113"]
[EventDate "2024.01.06"]
[EventType "k.o. (rapid)"]
[EventRounds "4"]
[EventCountry "CHN"]
[SourceTitle "CBM 218 Extra"]
[Source "ChessBase"]
[SourceDate "2024.03.31"]
[SourceVersion "1"]
[SourceVersionDate "2024.03.31"]
[SourceQuality "1"]

1. d4 Nf6 2. c4 e6 3. Nc3 Bb4 4. Qc2 c5 5. dxc5 0-0 6. Nf3 Na6 7. g3 Nxc5 8. Bg2 Nce4 9. 0-0 Bxc3 10. bxc3 d5 11. Bf4 b6 12. cxd5 exd5 13. Nd4 Ba6 14. Rfc1 Re8 15. a4 Bc4 16. Nb5 Nc5 17. Re1 Re7 18. Rab1 Nfe4 19. f3 Nf6 20. g4 Qd7 21. Nd6 Qxa4 22. Qd2 Rxe2 23. Rxe2 Bxe2 24. Be5 Bd3 25. Re1 Qc2 26. Qe3 Bg6 27. Bd4 Nd3 28. Ra1 h6 29. h4 Rd8 30. h5 Rxd6 31. hxg6 fxg6 32. Bf1 Nc5 33. Bxc5 bxc5 34. Rxa7 Qd1 35. Kg2 Qc2+ 36. Kh3 Qd1 37. Bg2 Kh7 38. Qe7 Rd7 39. Rxd7 Nxd7 40. Qxd7 Qd3 41. Kg3 c4 42. g5 Qxc3 43. gxh6 Qe5+ 44. f4 Qe3+ 45. Kg4 Kxh6 46. Qxd5 Qg1 47. Kf3 c3 48. Qd8 Kh7 49. Qh4+ Kg8 50. Qd8+ Kh7 51. Bh3 Qh1+ 52. Bg2 Qh5+ 53. Kg3 c2 54. Qc8 Qd1 55. Qh3+ Kg8 56. Qe6+ Kh7 57. Qh3+ 1/2-1/2

[Event "CHN-chT Div A Finals"]
[Site "Nanjing"]
[Date "2023.12.06"]
[Round "5.1"]
[White "Wang, Hao"]
[Black "Wang, Shixu B"]
[Result "1-0"]
[WhiteElo "2694"]
[BlackElo "2409"]
[PlyCount "131"]
[EventDate "2023.12.02"]
[EventType "team-tourn"]
[EventRounds "10"]
[EventCountry "CHN"]
[SourceTitle "CBM 217 Extra"]
[Source "ChessBase"]
[SourceDate "2024.01.31"]
[SourceVersion "1"]
[SourceVersionDate "2024.01.31"]
[SourceQuality "1"]
[WhiteTeam "Shenzhen Pengcheng"]
[BlackTeam "Tianjin"]
[WhiteTeamCountry "CHN"]
[BlackTeamCountry "CHN"]

1. e4 c5 2. Nf3 d6 3. d4 cxd4 4. Nxd4 Nf6 5. Nc3 a6 6. Be3 e5 7. Nb3 Be6 8. h3 Be7 9. Qd2 0-0 10. 0-0-0 a5 11. a4 Na6 12. f4 Qc8 13. Kb1 Nb4 14. fxe5 dxe5 15. Bb5 Bc4 16. Bxc4 Qxc4 17. Bg5 Rfc8 18. Bxf6 Bxf6 19. Qd7 Nxc2 20. Kxc2 Qxe4+ 21. Qd3 Qxa4 22. Rhe1 Qc6 23. Nd2 a4 24. Nde4 a3 25. Qd7 Qb6 26. bxa3 Rc7 27. Rd6 Qa5 28. Nxf6+ gxf6 29. Qg4+ Kf8 30. Qb4 Qxa3 31. Rd8+ Kg7 32. Qg4+ Kh6 33. Qh4+ Kg7 34. Qg3+ Kh6 35. Rxa8 Qxa8 36. Re4 Qa2+ 37. Kd1 Rd7+ 38. Ke1 Qd2+ 39. Kf1 Rd4 40. Qf3 Kg7 41. Rxd4 exd4 42. Nd5 Qc1+ 43. Kf2 Qd2+ 44. Qe2 Qg5 45. Qe4 Qe5 46. Kf3 Kh6 47. Nf4 b5 48. h4 b4 49. Qd3 Kg7 50. Ne2 Qh5+ 51. g4 Qd5+ 52. Kf2 Qh1 53. Ng3 Qa1 54. Nf5+ Kf8 55. Qb5 Qb2+ 56. Kf3 Qc3+ 57. Ke4 Qc2+ 58. Kd5 Qa2+ 59. Kxd4 Qd2+ 60. Kc5 Qc3+ 61. Kb6 h6 62. Qa5 Ke8 63. Qa8+ Kd7 64. Qb7+ Ke6 65. Qe4+ Qe5 66. Qc6+ 1-0

[Event "CHN-chT Div A Finals"]
[Site "Nanjing"]
[Date "2023.12.04"]
[Round "3.6"]
[White "Wang, Hao"]
[Black "Wang, Shixu B"]
[Result "1/2-1/2"]
[WhiteElo "2694"]
[BlackElo "2409"]
[PlyCount "87"]
[EventDate "2023.12.02"]
[EventType "team-tourn"]
[EventRounds "10"]
[EventCountry "CHN"]
[SourceTitle "CBM 217 Extra"]
[Source "ChessBase"]
[SourceDate "2024.01.31"]
[SourceVersion "1"]
[SourceVersionDate "2024.01.31"]
[SourceQuality "1"]
[WhiteTeam "Shenzhen Pengcheng"]
[BlackTeam "Tianjin"]
[WhiteTeamCountry "CHN"]
[BlackTeamCountry "CHN"]

1. e4 c5 2. Nf3 d6 3. d4 cxd4 4. Nxd4 Nf6 5. Nc3 a6 6. Be3 e5 7. Nb3 Be6 8. f3 h5 9. Nd5 Bxd5 10. exd5 Nbd7 11. Qd2 g6 12. 0-0-0 Nb6 13. Kb1 Nfxd5 14. Bg5 Be7 15. Bxe7 Qxe7 16. c4 Nf6 17. Qxd6 Qxd6 18. Rxd6 Nbd7 19. Na5 Ke7 20. Rd2 Ra7 21. b4 Rc8 22. c5 b6 23. cxb6 Nxb6 24. a3 Nfd5 25. Be2 Nc3+ 26. Ka1 Nb5 27. Re1 Nxa3 28. Kb2 Nac4+ 29. Bxc4 Nxc4+ 30. Nxc4 Rxc4 31. Kb3 Rac7 32. Rxe5+ Kf6 33. Red5 R4c6 34. Rd6+ Ke5 35. R6d5+ Ke6 36. R5d4 Rc3+ 37. Ka4 R7c6 38. Re4+ Kf6 39. h4 Rc1 40. Rf4+ Ke7 41. Re2+ Kf8 42. Rd4 Ra1+ 43. Kb3 Rb6 44. Ra2 1/2-1/2

[Event "FIDE World Cup"]
[Site "Baku"]
[Date "2023.08.11"]
[Round "4.8"]
[White "Svane, Rasmus"]
[Black "Wang, Hao"]
[Result "1/2-1/2"]
[WhiteElo "2625"]
[BlackElo "2709"]
[PlyCount "102"]
[EventDate "2023.07.30"]
[EventType "k.o."]
[EventRounds "8"]
[EventCountry "AZE"]
[SourceTitle "CBM 216"]
[Source "ChessBase"]
[SourceDate "2023.10.31"]
[SourceVersion "1"]
[SourceVersionDate "2023.10.31"]
[SourceQuality "1"]

1. d4 Nf6 2. Nf3 d5 3. Bf4 c5 4. e3 Nc6 5. Nbd2 e6 6. c3 cxd4 7. exd4 Nh5 8. Be3 Bd6 9. Bd3 Nf4 10. Bxf4 Bxf4 11. 0-0 0-0 12. Qc2 g6 13. a3 e5 14. dxe5 Bxe5 15. Nxe5 Nxe5 16. Rae1 Qf6 17. Re3 Be6 18. Nf3 Nxf3+ 19. Rxf3 Qh4 20. Qc1 Rfe8 21. Rf4 Qg5 22. Rd4 Qf6 23. Qd2 Rad8 24. Bb5 Rf8 25. Be2 Rfe8 26. Bf3 b5 27. a4 Rb8 28. axb5 Rxb5 29. Bxd5 Bxd5 30. Rxd5 Rxd5 31. Qxd5 Re2 32. Qa8+ Kg7 33. Qxa7 Rxb2 34. Qe3 Rc2 35. Rc1 Qxf2+ 36. Qxf2 Rxc1+ 37. Qf1 Rxf1+ 38. Kxf1 Kf6 39. Ke2 Ke5 40. Kd3 Kd5 41. c4+ Kc5 42. Kc3 h5 43. Kd3 h4 44. h3 f5 45. Kc3 g5 46. Kd3 g4 47. Ke3 gxh3 48. gxh3 Kxc4 49. Kf4 Kd3 50. Kxf5 Ke3 51. Kg4 Ke4 1/2-1/2

[Event "FIDE World Cup"]
[Site "Baku"]
[Date "2023.08.11"]
[Round "4.7"]
[White "Wang, Hao"]
[Black "Svane, Rasmus"]
[Result "1/2-1/2"]
[WhiteElo "2709"]
[BlackElo "2625"]
[PlyCount "85"]
[EventDate "2023.07.30"]
[EventType "k.o."]
[EventRounds "8"]
[EventCountry "AZE"]
[SourceTitle "CBM 216"]
[Source "ChessBase"]
[SourceDate "2023.10.31"]
[SourceVersion "1"]
[SourceVersionDate "2023.10.31"]
[SourceQuality "1"]

1. e4 e5 2. Nf3 Nc6 3. Bb5 a6 4. Ba4 Nf6 5. 0-0 Be7 6. Re1 b5 7. Bb3 0-0 8. a4 Bb7 9. d3 d6 10. Nbd2 Nd7 11. Nf1 Nc5 12. axb5 axb5 13. Rxa8 Qxa8 14. Bd5 Nd8 15. Bxb7 Qxb7 16. Ne3 Nde6 17. Nf5 Bf6 18. h4 b4 19. b3 Ra8 20. Be3 Qb8 21. Ng5 Bxg5 22. hxg5 Qe8 23. g3 Nd7 24. Kg2 Ra2 25. Bd2 g6 26. Nh6+ Kg7 27. Rh1 Nd4 28. Ng4 Rxc2 29. Bxb4 Qb8 30. Ne3 Rxf2+ 31. Kxf2 Qxb4 32. Nd5 Qa5 33. Kg2 c6 34. Ne3 Qa2+ 35. Kh3 Nc5 36. Rh2 Qa7 37. Qf1 Qe7 38. Kg2 Qxg5 39. Rxh7+ Kxh7 40. Qxf7+ Kh6 41. Qf8+ Kh7 42. Qf7+ Kh8 43. Qf8+ 1/2-1/2

[Event "Prague Masters 5th"]
[Site "Prague"]
[Date "2023.06.30"]
[Round "9"]
[White "Wang, Hao"]
[Black "Nguyen, Thai Dai Van"]
[Result "1/2-1/2"]
[WhiteElo "2722"]
[BlackElo "2653"]
[PlyCount "75"]
[EventDate "2023.06.20"]
[EventType "tourn"]
[EventRounds "9"]
[EventCountry "CZE"]
[EventCategory "18"]
[SourceTitle "CBM 215 Extra"]
[Source "ChessBase"]
[SourceDate "2023.09.30"]
[SourceVersion "1"]
[SourceVersionDate "2023.09.30"]
[SourceQuality "1"]

1. d4 Nf6 2. c4 e6 3. Nc3 Bb4 4. Qc2 0-0 5. a3 Bxc3+ 6. Qxc3 d5 7. Nf3 Nbd7 8. cxd5 exd5 9. Bg5 h6 10. Bh4 b6 11. e3 c5 12. Nd2 a5 13. Rc1 Ba6 14. Bxa6 Rxa6 15. 0-0 Qe7 16. Qb3 Raa8 17. Qb5 Rfc8 18. Rfe1 Qd6 19. Bg3 Qc6 20. Qxc6 Rxc6 21. dxc5 bxc5 22. e4 dxe4 23. Nxe4 Nh5 24. Red1 Nxg3 25. hxg3 Rc7 26. Rd6 Rb8 27. Rc2 Nb6 28. b3 Nd7 29. Rc3 a4 30. b4 Rbc8 31. Nxc5 Nxc5 32. bxc5 Rxc5 33. Rxc5 Rxc5 34. Rd4 Ra5 35. g4 g6 36. f3 Kg7 37. Kf2 h5 38. gxh5 1/2-1/2

[Event "Prague Masters 5th"]
[Site "Prague"]
[Date "2023.06.29"]
[Round "8"]
[White "Harikrishna, Pentala"]
[Black "Wang, Hao"]
[Result "1-0"]
[WhiteElo "2704"]
[BlackElo "2722"]
[PlyCount "95"]
[EventDate "2023.06.20"]
[EventType "tourn"]
[EventRounds "9"]
[EventCountry "CZE"]
[EventCategory "18"]
[SourceTitle "CBM 215 Extra"]
[Source "ChessBase"]
[SourceDate "2023.09.30"]
[SourceVersion "1"]
[SourceVersionDate "2023.09.30"]
[SourceQuality "1"]

1. d4 Nf6 2. c4 e6 3. Nf3 d5 4. g3 dxc4 5. Bg2 c5 6. 0-0 Nc6 7. dxc5 Qxd1 8. Rxd1 Bxc5 9. Nfd2 Nd4 10. Nc3 Nd5 11. Nde4 Nxc3 12. Nxc3 e5 13. Be3 0-0 14. Na4 Be7 15. Bxd4 exd4 16. Rxd4 Be6 17. Bxb7 Rab8 18. Be4 Rb4 19. Bc2 Bf6 20. Rd2 g6 21. Rb1 Bf5 22. Bxf5 Rxa4 23. b3 Ra5 24. Be4 Re8 25. f3 Bg5 26. Rc2 f5 27. Bc6 cxb3 28. Rxb3 Be3+ 29. Kg2 Re7 30. Bb5 Kg7 31. a4 a6 32. Bc6 g5 33. Rc4 Kf6 34. Bb7 Kg7 35. f4 h6 36. h3 h5 37. fxg5 Bxg5 38. h4 Re3 39. Rb2 Bf6 40. Rbc2 Kg6 41. Bf3 Re6 42. Rd2 Rae5 43. Rc8 Ra5 44. Rd7 Rxa4 45. Rg8+ Kh6 46. Bxh5 Rd4 47. Rf7 Rdd6 48. Kh3 1-0

[Event "Prague Masters 5th"]
[Site "Prague"]
[Date "2023.06.21"]
[Round "1"]
[White "Keymer, Vincent"]
[Black "Wang, Hao"]
[Result "1-0"]
[WhiteElo "2690"]
[BlackElo "2722"]
[PlyCount "87"]
[EventDate "2023.06.20"]
[EventType "tourn"]
[EventRounds "9"]
[EventCountry "CZE"]
[EventCategory "18"]
[SourceTitle "CBM 216 Extra"]
[Source "ChessBase"]
[SourceDate "2023.11.30"]
[SourceVersion "1"]
[SourceVersionDate "2023.11.30"]
[SourceQuality "1"]

1. d4 d5 2. c4 c6 3. Nf3 Nf6 4. e3 Bf5 5. Nc3 e6 6. Nh4 Be4 7. f3 Bg6 8. Bd2 Be7 9. Qb3 Qc7 10. 0-0-0 dxc4 11. Bxc4 b5 12. Be2 a6 13. Nxg6 hxg6 14. f4 c5 15. Bf3 Nc6 16. dxc5 Na5 17. Qa3 Bxc5 18. b4 Nc4 19. Nxb5 Qc8 20. Nc7+ Qxc7 21. Qa4+ Ke7 22. bxc5 Nxd2 23. Kxd2 Rad8+ 24. Ke2 Qxc5 25. Rc1 Qb5+ 26. Qxb5 axb5 27. Rc5 Nd5 28. Rb1 Ra8 29. Bxd5 exd5 30. Rb2 Rxh2 31. Kf3 Ra5 32. Rcxb5 Rxb5 33. Rxb5 Ke6 34. Rb6+ Kd7 35. Rb7+ Ke6 36. Rb1 g5 37. Rb6+ Ke7 38. fxg5 Rh4 39. g4 Rh2 40. a4 Ra2 41. Ra6 Rb2 42. a5 g6 43. Ra7+ Ke6 44. a6 1-0